Kelly Clarkson Charting Songs (Billboard Hot 100) - Statistics

General Stats
  • This quiz has been taken 175 times
    106 since last reset
  • The average score is 15 of 31
Answer Stats
Album Weeks On Peak Artist(s) Song % Correct
Stronger 37 Weeks #1 (3 Weeks) Kelly Clarkson Stronger (What Doesn't Kill You)
94%
The Princess Diaries 2 and Breakaway 46 Weeks #6 Kelly Clarkson Breakaway
91%
Breakaway 37 Weeks #7 Kelly Clarkson Because of You
80%
Reba: Duets 15 Weeks #50 Reba McEntire Duet with Kelly Clarkson Because of You
80%
Piece by Piece 15 Weeks #8 Kelly Clarkson Piece by Piece
75%
Breakaway 46 Weeks #2 Kelly Clarkson Since U Been Gone
74%
All I Ever Wanted 24 Weeks #1 (2 Weeks) Kelly Clarkson My Life Would Suck Without You
73%
Breakaway 34 Weeks #6 Kelly Clarkson Behind These Hazel Eyes
72%
Thankful 20 Weeks #9 Kelly Clarkson Miss Independent
69%
Stronger 23 Weeks #10 Kelly Clarkson Mr. Know It All
60%
Wrapped in Red 39 Weeks #6 Kelly Clarkson Underneath the Tree
58%
Non-Album Single 20 Weeks #1 (2 Weeks) Kelly Clarkson A Moment Like This
57%
Piece by Piece 20 Weeks #21 Kelly Clarkson Heartbeat Song
57%
Breakaway 29 Weeks #12 Kelly Clarkson Walk Away
56%
All I Ever Wanted 31 Weeks #13 Kelly Clarkson Already Gone
53%
My December 16 Weeks #8 Kelly Clarkson Never Again
51%
All I Ever Wanted 6 Weeks #96 Kelly Clarkson All I Ever Wanted
49%
Greatest Hits - Chapter One 24 Weeks #19 Kelly Clarkson Catch My Breath
48%
Stronger 15 Weeks #42 Kelly Clarkson Dark Side
46%
All I Ever Wanted 18 Weeks #20 Kelly Clarkson I Do Not Hook Up
46%
My Kinda Party 31 Weeks #31 Jason Aldean with Kelly Clarkson Don't You Wanna Stay
44%
Meaning of Life 13 Weeks #47 Kelly Clarkson Love So Soft
41%
Greatest Hits - Chapter One 10 Weeks #65 Kelly Clarkson People Like Us
32%
When Christmas Comes Around... 8 Weeks #31 Kelly Clarkson & Ariana Grande Santa Can't You Hear Me
32%
Thankful 11 Weeks #58 Kelly Clarkson Low
31%
Greatest Hits - Chapter One 3 Weeks #87 Kelly Clarkson ft. Vince Gill Don't Rush
21%
When Christmas Comes Around... 2 Weeks #79 Kelly Clarkson Christmas Isn't Canceled (Just You)
14%
Non-Album Single 1 Week #86 Kelly Clarkson I Dare You
14%
Non-Album Single 3 Weeks #59 Kelly Clarkson & Brett Eldredge Under the Mistletoe
11%
iTunes Session 1 Week #93 Kelly Clarkson I'll Be Home for Christmas
10%
Non-Album Single 2 Weeks #56 Kelly Clarkson ft. Jeff Beck Up to the Mountain
10%
No matching quizzes found
Score Distribution
Percent of People with Each Score
Percentile by Number Answered
Your Score History
You have not taken this quiz since the last reset